Central Library OPAC University of Rajshahi

A book of some selected articles on library and information science / (Record no. 36577)

MARC details
000 -LEADER
fixed length control field 00867nam a22002657a 4500
001 - CONTROL NUMBER
control field 36577
003 - CONTROL NUMBER IDENTIFIER
rucl marc code BD-RjUL
005 - DATE AND TIME OF LATEST TRANSACTION
control field 20211209052515.0
008 - FIXED-LENGTH DATA ELEMENTS--GENERAL INFORMATION
fixed length control field 140705s2005 bg ||||| b||| 001 0 mul d
020 ## - INTERNATIONAL STANDARD BOOK NUMBER
International Standard Book Number 9843228324
035 ## - SYSTEM CONTROL NUMBER
System control number (BD-RjUL) 36678
040 ## - CATALOGING SOURCE
Original cataloging agency BD-RjUL
Language of cataloging eng
Transcribing agency BD-RjUL
041 ## - LANGUAGE CODE
Language code of text/sound track or separate title eng
-- ben
082 ## - DEWEY DECIMAL CLASSIFICATION NUMBER
Classification number 025
Author mark and year MOB 2005
100 ## - MAIN ENTRY--PERSONAL NAME
Personal name Mostafa. Md. Golam
9 (RLIN) 111419
245 ## - TITLE STATEMENT
Title A book of some selected articles on library and information science /
Statement of responsibility, etc. Md.Golam Mostafa, M. Mezbeh-ul-Islam, Md.Hanif Uddin
260 ## - PUBLICATION, DISTRIBUTION, ETC. (IMPRINT)
Place of publication, distribution, etc. Rajshahi, Bangladesh :
Name of publisher, distributor, etc. Fouzia Prokashoni,
Date of publication, distribution, etc. 2005
300 ## - PHYSICAL DESCRIPTION
Pagination 183 p.:
Size 21 cm.
490 ## - SERIES STATEMENT
Series statement Library and information Science Series
Volume/sequential designation no. 4
504 ## - BIBLIOGRAPHY, ETC. NOTE
Bibliography, etc Includes Bibliography and Index
650 ## - SUBJECT ADDED ENTRY--TOPICAL TERM
Topical term or geographic name as entry element Library Science
9 (RLIN) 111420
700 ## - ADDED ENTRY--PERSONAL NAME
Personal name Islam, M.Mezbah-ul
Personal name Uddin, Md. Hanif
942 ## - ADDED ENTRY ELEMENTS (KOHA)
Source of classification or shelving scheme Dewey Decimal Classification
Koha item type Books
Holdings
Lost status Source of classification or shelving scheme Damaged status Not for loan Collection code Permanent Location Current Location Shelving location Date acquired Source of acquisition Cost, normal purchase price Total Checkouts Full call number Date last seen Copy number Koha item type
  Dewey Decimal Classification   Not For Loan Non-fiction Central Library, University of Rajshahi Central Library, University of Rajshahi Reading Room 25/05/2014 Fouzia Moatafa, Rajshahi 164.00   025 MOB 2005 05/07/2014 C-1 Books
  Dewey Decimal Classification     Non-fiction Central Library, University of Rajshahi Central Library, University of Rajshahi   27/02/2008 R.U. 250.00   025 MOB 2005 01/12/2016 C-2 Books